Loading...
| Science - Biology | 0 | 7 | 0 | 2 | 70 | 35 | 71.71 | 0 | 1 | 19.93 | 24.79 |
| Science - Physics | 0 | 7 | 1 | 0 | 65 | 23 | 56.14 | 0 | 4 | 29.87 | 43.69 |
| Literature - World | 0 | 5 | 0 | 1 | 50 | 22 | 67.80 | 1 | 2 | 18.68 | 27.96 |
| Science - Other | 0 | 3 | 0 | 0 | 30 | 77 | 80.33 | 0 | 0 | 8.71 | 18.76 |
| Fine Arts - Other | 0 | 3 | 0 | 1 | 30 | 46 | 76.33 | 0 | 1 | 7.88 | 9.26 |
| Science - Chemistry | 0 | 4 | 4 | 1 | 20 | 48 | 76.50 | 1 | 2 | 11.00 | 24.89 |
| Literature - European | 0 | 2 | 0 | 0 | 20 | 72 | 83.00 | 0 | 1 | 4.89 | 7.12 |
| Current Events | 0 | 2 | 1 | 0 | 15 | 69 | 69.50 | 0 | 0 | 17.82 | 24.05 |
| Religion | 0 | 2 | 1 | 0 | 15 | 94 | 95.50 | 0 | 0 | 2.85 | 4.61 |
| Social Science | 0 | 1 | 0 | 0 | 10 | 73 | 73.00 | 0 | 0 | 2.75 | 3.70 |
| Fine Arts - Painting and Sculpture | 0 | 1 | 0 | 0 | 10 | 109 | 109.00 | 0 | 0 | 0.32 | 1.52 |
| History - European | 0 | 1 | 0 | 0 | 10 | 32 | 32.00 | 0 | 1 | 6.37 | 5.30 |
| History - Other | 0 | 1 | 1 | 0 | 5 | 84 | 84.00 | 0 | 0 | 2.15 | 4.55 |
| Fine Arts - Classical Music | 0 | 1 | 1 | 0 | 5 | 87 | 87.00 | 0 | 1 | 2.91 | 6.06 |
| Mythology | 0 | 2 | 3 | 0 | 5 | 49 | 49.50 | 1 | 2 | 10.25 | 17.42 |
| Philosophy | 0 | 1 | 1 | 0 | 5 | 110 | 110.00 | 0 | 0 | 0.00 | 1.14 |
| Literature - American | 0 | 1 | 2 | 0 | 0 | 60 | 60.00 | 0 | 0 | 4.39 | 3.31 |
| Literature - British | 0 | 0 | 1 | 0 | -5 | 0.00 | 0 | 0 | 0.00 | 0.00 | |
| Popular Culture | 0 | 0 | 2 | 0 | -10 | 0.00 | 0 | 0 | 0.00 | 0.00 |